Politický okres hodonínský

Hlavní autor: Plesinger, Václav, -1937
Jazyk: Čeština
Vydáno: Budyně n. Ohří : Václav Plesinger, [mezi 1922 a 1935]
Edice: Plesingrovy mapy pol. okresů moravských
Témata:
Externí odkaz: Digitalizovaný dokument
Fyzický popis: 1 mapa : barev. ; 28 x 37 cm, na listu 30 x 39 cm
Mapy
Uloženo v:
LEADER 01379nem a2200325 a 4500
001 001207494
003 CZ BrMZK
005 20140318125604.0
007 aj ca|||
008 010907q19221935xr g a 0 cze d
034 1 |a a  |b 200000  |d E0164321  |e E0174255  |f N0490619  |g N0483649 
040 |a BOA001  |b cze  |c BOA001 
043 |a e-xr---  |b e-xr-jm  |2 czenas 
072 7 |a 913(437)  |x Geografie Česka a Slovenska, reálie, cestování  |2 Konspekt  |9 7 
072 7 |a 912  |x Mapy. Atlasy. Glóby  |2 Konspekt  |9 7 
080 |a (437.322)  |2 MRF 
080 |a (084.3)  |2 MRF 
100 1 |a Plesinger, Václav,  |d -1937  |7 jk01093401  |4 aut 
245 1 0 |a Politický okres hodonínský  |h [kartografický dokument] /  |c nakreslil V. Plesinger 
255 |a 1:200 000  |c (016°43´21" v.d.--017°42´55" v.d./049°06´19" s.š.--048°36´49" s.š.) 
260 |a Budyně n. Ohří :  |b Václav Plesinger,  |c [mezi 1922 a 1935] 
300 |a 1 mapa :  |b barev. ;  |c 28 x 37 cm, na listu 30 x 39 cm 
490 1 |a Plesingrovy mapy pol. okresů moravských ;  |v 4 
655 7 |a politické a správní mapy  |7 fd133032  |2 czenas 
651 7 |a Hodonín (Česko : oblast)  |7 ge134218  |2 czenas 
830 0 |a Plesingrovy mapy pol. okresů moravských 
856 4 1 |u http://www.digitalniknihovna.cz/mzk/uuid/uuid:7006c0bc-d4fe-45b9-b655-4d4a35b172ec  |y Digitalizovaný dokument 
910 |a BOA001  |b Mpa-0089.283,04 
990 |a MP 
991 |b 201205